000 00631nam a22002057a 4500
005 20251108173502.0
008 250721s2006 xx 000 0 ara d
082 1 4 _a217.8/ مست
100 1 _aالمستريحي، محمد أحمد
245 1 0 _aفسخ عقد النكاح بالأمراض الوراثية : دراسة مقارنة /
264 1 _aإربد :
_b[المستريحي]،
_c2006.
300 _a229ص.
650 1 7 _aفسخ الزواج
650 1 7 _aالأمراض الوراثية
650 1 7 _aالنكاح
650 1 7 _aالفتاوى
650 1 7 _aالأسرة
942 _2ddc
_cBK
999 _c105000
_d105000